000 01043nam a22002055i 4500
001 164234
003 ES-MaACL
005 20230906212910.0
008 951113s1898 sp f |||| | spa d
100 1 _aSaavedra y Magdalena, Carlos.
_9132245
245 1 0 _aAlgunas observaciones sobre los desastres de la Marina española en la guerra con los Estados Unidos en el año de 1898 /
_cpor Carlos Saavedra y Magdalena.
260 _aEl Ferrol :
_b[s.n.],
_c1898 (
_fImp. de "El Correo gallego")
300 _a59 p., [3] h. pleg. de lám. ;
_c23 cm.
530 _aDisponible en formato digital.
650 4 _aGuerra hispano-americana, 1898-
_xOperaciones navales.
_9156352
650 4 _aBarcos de guerra-
_zEspaña-
_yS.XIX.
_9150765
650 4 _aBarcos de guerra-
_zEstados Unidos.
_9171550
852 _aES-MaACL
_jT-849-F-13
_z- Enc. hol., conservando cub. original
_z- Donativo del autor
_z- Falto de una h. pleg.
_z- Enc. en un vol. facticio
856 _uhttp://bdh-rd.bne.es/viewer.vm?id=0000067329&page=1
_zBiblioteca Digital Hispánica
999 _c164234
_d164234